Prácticas para el desarrollo sustentable : reporte de incidencia social 2022-2023 /

Guardat en:
Dades bibliogràfiques
Autor corporatiu: ITESO
Altres autors: Carranza, José Israel (coordinación) (coordinación), Rodríguez Cabrero, Sofía (edición) (edición), Gallegos, Carlos Andrés (texto) (texto), Cueva Lomas, José Enrique (texto) (texto), Zatyrka Pacheco, Alexander Paul (presentación) (presentación), Ponciano Hernández, Luis (fotógrafo) (fotógrafo)
Format: Llibre
Idioma:espanyol
Publicat: Guadalajara, Jalisco : ITESO, 2025
Col·lecció:(ITESO para el Bien Común. Prácticas para el Desarrollo Sustentable ; 2)
Matèries:
Etiquetes: Afegir etiqueta
Sense etiquetes, Sigues el primer a etiquetar aquest registre!

MARC

LEADER 00000nam^a2200000^a^4500
001 000593658
005 20250521000000.0
009 20260310133012.03
037 |a Acervo ITESO - Biblioteca 
041 |a ESP 
082 |a 378. 72352  |b ITESO RES 2023 V. 2 
110 |a ITESO 
240 1 1 |a [Prácticas para la Sustentabilidad 2022-2023] 
245 1 0 |a Prácticas para el desarrollo sustentable :  |b reporte de incidencia social 2022-2023 /  |c ITESO ; coord. de J.I. Carranza ; ed. de S. Rodríguez Cabrero ; texto de C.A. Gallegos, J.E. Cueva Lomas ; presen. de A.P. Zatyrka Pacheco ; fotógrafo L. Ponciano Hernández. 
264 1 |a Guadalajara, Jalisco :  |b ITESO,  |c 2025 
300 |a 177 p. 
336 |a texto  |b txt  |2 rdacontenido 
337 |a sin mediación  |b n  |2 rdamedio 
338 |a volumen  |b nc  |2 rdasoporte 
440 |a (ITESO para el Bien Común. Prácticas para el Desarrollo Sustentable ;  |v 2) 
649 |a XX 
610 |a ITESO 
650 |a Hombre -  |x Influencia del Medio Natural -  |z Jalisco 
650 |a Hombre -  |x Influencia del Medio Natural -  |z México 
650 |a Comunidad y Escuela -  |z Jalisco 
650 |a Comunidad y Escuela -  |z México 
650 |a Género -  |z Jalisco 
650 |a Género -  |z México 
650 |a Igualdad y Desigualdad -  |z Jalisco 
650 |a Igualdad y Desigualdad -  |z México 
650 |a Justicia e Injusticia -  |z Jalisco 
650 |a Justicia e Injusticia -  |z México 
650 |a Asistencia Social -  |z Jalisco 
650 |a Asistencia Social -  |z México 
650 |a Guerra y Paz -  |z Jalisco 
650 |a Guerra y Paz -  |z México 
650 |a Problemas Sociales -  |z Jalisco 
650 |a Problemas Sociales -  |z México 
650 |a Desarrollo Sustentable -  |z Jalisco  |x Tema Principal 
650 |a Desarrollo Sustentable -  |z México 
650 |a Desarrollo Económico-Social -  |z Jalisco 
650 |a Desarrollo Económico-Social -  |z México 
650 |a Democracia -  |z Jalisco 
650 |a Democracia -  |z México 
650 |a Universidades Privadas -  |z Jalisco 
650 |a Universidades Privadas -  |z México 
650 |a Universidades -  |z Jalisco 
650 |a Universidades -  |z México 
650 |a Instituciones Educativas -  |z Jalisco 
650 |a Instituciones Educativas -  |z México 
650 |a Educación Privada -  |z Jalisco 
650 |a Educación Privada -  |z México 
650 |a Educación Superior -  |z Jalisco 
650 |a Educación Superior -  |z México 
650 |a Educación y Sociedad -  |z Jalisco 
650 |a Educación y Sociedad -  |z México 
650 |a Sociología de la Educación 
700 |a Carranza, José Israel  |e (coordinación) 
700 |a Rodríguez Cabrero, Sofía  |e (edición) 
700 |a Gallegos, Carlos Andrés  |e (texto) 
700 |a Cueva Lomas, José Enrique  |e (texto) 
700 |a Zatyrka Pacheco, Alexander Paul  |e (presentación) 
700 |a Ponciano Hernández, Luis  |e (fotógrafo) 
910 |a Fondo General 
920 |a Impresos - Libros 
930 |a Reserva Especial 
905 |a 103 
901 |a 594067-10  |b IT1  |c REE  |i D131678  |u 20250521 
901 |a 594067-20  |b IT1  |c REE  |i D131786  |u 20250521 
902 |a https://opac.biblio.iteso.mx/vufind/Record/000593658